000 01044nam a22002537a 4500
005 20240530110557.0
008 160611s2013 ua f b 000 0 ara d
017 _a2012/22791
_bمصر . دار الكتب المصرية
020 _a9789774277993
040 _aEG-CaGPL
082 0 4 _221
_a320.962081
_bق/ع ص
100 0 _aعلى الدين هلال .
245 1 2 _aالصراع من اجل نظام سياسى جديد :
_bمصر بعد الثورة /
_cعلى الدين هلال ، مازن حسن ، مى مجيب .
250 _aط1.
260 _aالقاهرة :
_bالدار المصرية اللبنانية ،
_c2013 .
300 _a511 ص ؛
_c24 سم .
504 _aببليوجرافية : ص 489 - 511
651 0 4 _aمصر
_xالاحزاب الساسية .
651 0 4 _aمصر
_xالاحوال السياسية
_yثورة 25 يناير .
700 0 _aمازن حسن
_eمؤلف مشارك .
700 0 _aمى مجيب
_eمؤلف مشارك .
942 _2ddc
_cBK
999 _c62579
_d62579